000 00896nam a2200277Ia 4500
001 Para_1051
003 CHAP
008 220125s1996 xx 000 0 und d
010 _a204515
040 _cCHAP
090 _aPA TESIS 1017
100 _aPonce Saavedra, Javier
_990819
245 _aMoscas de la fruta (Diptera :
_b Tetphritidae) en huertos de mango del Valle de Apatzingan, Michoacán, México /
_c por Javier Ponce Saavedra
260 _aChapingo, Méx. :
_b El autor
300 _a134 h.
502 _aTesis (M.C. Esp. Protección Vegetal) UACh. Parasitología Agrícola
650 _aMosca de la fruta
_978989
710 _aUACh. Departamento Parasitología Agrícola
_9164025
901 _aPA TESIS 1017
902 _aA
905 _a0000001996 a 0000000000 00
910 _a1996
942 _cPARA
942 _cPARA
_d1
999 _c204515
_d204515